000 00374cam a2200157ua 4500
041 _aeng
_h
082 _a823.308
_bSWI/GU
100 _aSwift, Dean .
245 _aGulliver`s travels /
_cDean swift.
_hTextual Documents
250 _a1 /
_b.
260 _aLondon :
_bBlackie & Son Ltd ,
_c1996.
300 _a126 ; .
504 _a
942 _cBK
999 _c6867
_d6867